000 00601cam a2200229ua 4500
001 6519
008 131217n ii |||gr||||Z||||||eng
020 _a978-81-272-6304-1
040 _cMAIN
082 _a336.24
245 _aIncome tax :
_bLaw and practice /
_cBy V.P. gaur .
250 _a38th rev. ed.
260 _aLudhiana:
_bKalyani publishers,
_c1974.
300 _axvi,6/96p.
653 _aCommerce
653 _aIncome tax :
700 _aGaur,V.P.,
_eAuthor.,
700 1 _aNarang,D.B.,
_eAuthor.
700 1 _aGhai,Puja,
_eAuthor.
700 1 _aPuri,Rajeev,
_eAuthor.
942 _cBK
999 _c5668
_d5668